El Satiricón
Guardat en:
| Autor principal: | |
|---|---|
| Format: | Llibre |
| Idioma: | espanyol |
| Publicat: |
Barcelona
RBA Libros
2008
|
| Edició: | 1a. ed |
| Col·lecció: | Biblioteca Clásica Gredos
|
| Matèries: | |
| Etiquetes: |
Afegir etiqueta
Sense etiquetes, Sigues el primer a etiquetar aquest registre!
|
MARC
| LEADER | 00000cam a2200000 a 4500 | ||
|---|---|---|---|
| 001 | UCG5289 | ||
| 003 | CL-VaPUC | ||
| 008 | 110224e20080000SP |||||||||||||||||spa|d | ||
| 020 | |a 9789876091213 | ||
| 082 | 0 | 4 | |a 873 |b PET |2 21 |
| 100 | 0 | |a Petronio, Cayo |e author |9 439947 | |
| 245 | 1 | 3 | |a El Satiricón |
| 250 | |a 1a. ed | ||
| 300 | |a 193 p | ||
| 942 | |c BK | ||
| 945 | |d 20110224 00:00:00 |a cmena | ||
| 260 | |a Barcelona |b RBA Libros |c 2008 | ||
| 650 | 7 | |a NOVELAS LATINAS |2 CL-VaPUC |9 265085 | |
| 650 | 0 | |a Literatura latina |9 258055 | |
| 583 | |a last modification |c 20130513 12:00:39 |k Rodrigo Vera | ||
| 490 | 0 | |a Biblioteca Clásica Gredos | |
| 999 | |c 343840 |d 343838 | ||
| 952 | |0 0 |1 0 |4 0 |6 873_000000000000000_PET_2008 |7 0 |8 A |9 441469 |a BIBHIS |b BIBHIS |d 2019-11-22 |i 4750918 |o 873 PET 2008 |p 4750918 |r 2025-01-20 |w 2019-11-22 |y BK |k HIS | ||
| 952 | |0 0 |1 0 |4 0 |6 873_000000000000000_PET_2008 |7 0 |8 A |9 441470 |a BIBHIS |b BIBHIS |d 2019-11-22 |i 4766873 |o 873 PET 2008 |p 4766873 |r 2025-01-20 |w 2019-11-22 |y BK |k HIS | ||
| 952 | |0 0 |1 0 |4 0 |6 873_000000000000000_PET_2008 |7 0 |8 A |9 441471 |a BIBHIS |b BIBHIS |d 2019-11-22 |i 4795334 |o 873 PET 2008 |p 4795334 |r 2025-01-20 |w 2019-11-22 |y BK |k HIS | ||
| 952 | |0 0 |1 0 |4 0 |6 873_000000000000000_PET_2008 |7 0 |8 A |9 441472 |a BIBHIS |b BIBHIS |d 2019-11-22 |i 4973941 |o 873 PET 2008 |p 4973941 |r 2025-01-20 |w 2019-11-22 |y BK |k HIS | ||